000
00321nam a22001337a 4500
999
_c
534269
_d
534269
040
_c
dlc
082
_a
297.09
100
_a
Shah Hussain uddin Nadvi
_9
28438
245
_a
Tareekh-e-Islam - Vol -1 & 2
250
_a
Vol -1 & 2
260
_a
Lahore
_b
Ilm o Irfan Publication
_c
c2003
300
_a
608;p
942
_2
ddc
_c
BK